[Event "HUN-chT4 1718"]
[Site "Hungary"]
[Date "2018.02.17"]
[Round "6.2"]
[White "Erky, Tamas"]
[Black "Nusser, Gergo"]
[Result "1-0"]
[WhiteElo "1831"]
[BlackElo "1226"]
[PlyCount "97"]
[EventDate "2017.10.28"]
[EventType "team-tourn"]
[EventRounds "9"]
[EventCountry "HUN"]
[SourceTitle "EXT 2020"]
[Source "ChessBase"]
[SourceDate "2019.10.17"]
[SourceVersion "1"]
[SourceVersionDate "2019.10.17"]
[SourceQuality "1"]

1. e3 d5 2. Nf3 Nf6 3. b3 Bf5 4. Bb2 e6 5. Be2 Bd6 6. 0-0 Nbd7 7. d4 0-0 8. c4 c5 9. Nc3 b6 10. Rc1 Rc8 11. h3 h6 12. Re1 Re8 13. Bd3 Bxd3 14. Qxd3 cxd4 15. exd4 Bb4 16. a3 Bd6 17. Ne5 Bxe5 18. dxe5 Nc5 19. Qf3 Nfd7 20. b4 Nb3 21. Rcd1 Rxc4 22. Nb5 Nd4 23. Rxd4 Rc2 24. Bc1 a6 25. Qb3 Rc6 26. Nd6 Rf8 27. Qg3 Kh8 28. Bxh6 gxh6 29. Rh4 Kh7 30. Qf4 Qxh4 31. Qxh4 Nxe5 32. Rxe5 Rxd6 33. Qf6 Rg8 34. Rh5 Rg6 35. Qxf7+ Rg7 36. Qf8 Rc6 37. Re5 b5 38. Qf4 Rd6 39. Qe3 Rg6 40. f4 Rc6 41. f5 exf5 42. Rxf5 Rcd6 43. Qe7+ Rg7 44. Qxd6 d4 45. Rf6 d3 46. Rxh6+ Kg8 47. Qe6+ Kf8 48. Rh8+ Rg8 49. Rxg8# 1-0

[Event "Mosonmagyarovar op"]
[Site "Mosonmagyarovar"]
[Date "2017.10.01"]
[Round "7"]
[White "Erky, Tamas"]
[Black "Bakos, Hunor"]
[Result "1-0"]
[WhiteElo "1775"]
[BlackElo "1435"]
[PlyCount "51"]
[EventDate "2017.09.28"]
[EventType "swiss"]
[EventRounds "7"]
[EventCountry "HUN"]
[SourceTitle "EXT 2019"]
[Source "ChessBase"]
[SourceDate "2018.10.10"]
[SourceVersion "1"]
[SourceVersionDate "2018.10.10"]
[SourceQuality "1"]

1. e3 d5 2. d4 Nf6 3. c4 e6 4. Nf3 c5 5. Bd3 Nc6 6. 0-0 Bd6 7. Nc3 cxd4 8. exd4 0-0 9. a3 dxc4 10. Bxc4 a6 11. Re1 b5 12. Ba2 Bb7 13. d5 exd5 14. Nxd5 Nxd5 15. Qxd5 Bc7 16. Qh5 Qd6 17. Be3 Qf6 18. Rac1 Rac8 19. Bb1 h6 20. Bg5 Qxb2 21. Rc2 Qxa3 22. Bxh6 gxh6 23. Qxh6 Qd6 24. Qh4 Rce8 25. Rce2 Rxe2 26. Qh7# 1-0

[Event "Gyor op-A 7th"]
[Site "Gyor"]
[Date "2016.07.06"]
[Round "1"]
[White "Suta, Andraz"]
[Black "Erky, Tamas"]
[Result "1-0"]
[WhiteElo "2075"]
[BlackElo "1705"]
[PlyCount "73"]
[EventDate "2016.07.06"]
[EventType "swiss"]
[EventRounds "9"]
[EventCountry "HUN"]
[SourceTitle "EXT 2017"]
[Source "ChessBase"]
[SourceDate "2016.10.25"]
[SourceVersion "1"]
[SourceVersionDate "2016.10.25"]
[SourceQuality "1"]

1. e4 e6 2. d4 d5 3. e5 c5 4. Nf3 Nc6 5. Bd3 Qb6 6. 0-0 Bd7 7. a4 cxd4 8. Nbd2 Nh6 9. Nb3 Ng4 10. Re1 h5 11. h3 Nh6 12. a5 Qc7 13. a6 b6 14. Nbxd4 Be7 15. c3 Qd8 16. b3 Rc8 17. Nb5 Kf8 18. Ba3 Bxa3 19. Rxa3 g5 20. Qd2 g4 21. Ng5 Qe7 22. Raa1 f6 23. exf6 Qxf6 24. Nd6 Rd8 25. c4 Nd4 26. h4 Nxb3 27. Qb4 Nc5 28. Nb7 Rc8 29. cxd5 exd5 30. Ra2 Kg7 31. Nxc5 Rxc5 32. Rae2 Rf8 33. Re7+ Kh8 34. Qd2 Rc7 35. Bb5 Bxb5 36. Rxc7 Nf5 37. Rh7+ 1-0

[Event "HUN-chT2 Szechenyi 1516"]
[Site "Hungary"]
[Date "2015.12.06"]
[Round "6.9"]
[White "Erky, Tamas"]
[Black "Cseke, Tibor"]
[Result "1/2-1/2"]
[WhiteElo "1642"]
[BlackElo "1740"]
[PlyCount "115"]
[EventDate "2015.09.13"]
[EventType "team-tourn"]
[EventRounds "11"]
[EventCountry "HUN"]
[SourceTitle "CBM 170 Extra"]
[Source "ChessBase"]
[SourceDate "2016.02.25"]
[SourceVersion "1"]
[SourceVersionDate "2016.02.25"]
[SourceQuality "1"]
[WhiteTeam "Szechenyi ESE"]
[BlackTeam "Csuti Baki Agrocentrum"]
[WhiteTeamCountry "HUN"]
[BlackTeamCountry "HUN"]

1. d4 f5 2. c4 Nf6 3. Nc3 g6 4. Nf3 d6 5. Bg5 Bg7 6. Bxf6 Bxf6 7. e4 0-0 8. Bd3 e6 9. 0-0 Bg7 10. Re1 Nc6 11. Bc2 g5 12. d5 Nb4 13. Bb1 g4 14. Nd4 Bxd4 15. Qxd4 e5 16. Qd2 f4 17. f3 h5 18. Bd3 Nxd3 19. Qxd3 Rf7 20. Kh1 Qh4 21. Qf1 Rg7 22. Re2 Bd7 23. Qf2 g3 24. Qg1 a6 25. a4 Rf8 26. b4 Rf6 27. Raa2 Rfg6 28. a5 Qg5 29. h3 Qh4 30. Qf1 Kh7 31. Rab2 b6 32. axb6 cxb6 33. b5 axb5 34. Nxb5 Qd8 35. Qb1 Qc8 36. Na7 Qxc4 37. Rec2 Qd4 38. Rc7 Qe3 39. Rb3 Qd2 40. Rc2 Qa5 41. Ra2 Ba4 42. Nc6 Bxb3 43. Rxa5 bxa5 44. Qxb3 Rc7 45. Kg1 Rgg7 46. Kf1 Rb7 47. Qa3 Rgd7 48. Ke2 a4 49. Qxa4 Rb2+ 50. Kd3 Rxg2 51. Nxe5 Rg7 52. Qe8 dxe5 53. Qxh5+ Kg8 54. Qxe5 Rg1 55. Qe6+ Kh7 56. Qf5+ Kg8 57. Qe6+ Kh7 58. Qf5+ 1/2-1/2

[Event "HUN-chT4a 1516"]
[Site "Hungary"]
[Date "2015.10.17"]
[Round "2.16"]
[White "Erky, Tamas"]
[Black "Boros, Krisztian"]
[Result "0-1"]
[WhiteElo "1665"]
[BlackElo "1514"]
[PlyCount "126"]
[EventDate "2015.10.17"]
[EventType "team-tourn"]
[EventRounds "8"]
[EventCountry "HUN"]
[SourceTitle "EXT 2019"]
[Source "ChessBase"]
[SourceDate "2018.10.10"]
[SourceVersion "1"]
[SourceVersionDate "2018.10.10"]
[SourceQuality "1"]

1. d4 d5 2. c4 e6 3. Nc3 Bb4 4. Nf3 h6 5. h3 Nf6 6. a3 Bxc3+ 7. bxc3 Ne4 8. Qc2 Nc6 9. Bf4 0-0 10. e3 Ne7 11. Bd3 Nf6 12. cxd5 Nexd5 13. Bg3 c6 14. 0-0 Qa5 15. c4 Ne7 16. Bd6 Re8 17. Ne5 Qd8 18. c5 Ned5 19. e4 Nf4 20. Be2 Nxe2+ 21. Qxe2 Nd7 22. f4 Nxe5 23. Bxe5 b6 24. Rad1 bxc5 25. dxc5 Qa5 26. Qg4 Qxc5+ 27. Kh1 Qf8 28. Bd6 f5 29. exf5 Qxf5 30. Qf3 Ba6 31. Rfe1 Bb5 32. Be5 Rad8 33. Qg3 Qf7 34. Qh4 Rd5 35. Rxd5 cxd5 36. Rc1 Re7 37. Bd6 Rd7 38. Rc8+ Kh7 39. Rf8 Qg6 40. Be5 d4 41. Qf2 d3 42. Bc3 Bc6 43. Kh2 Qxg2+ 44. Qxg2 Bxg2 45. Kxg2 d2 46. Bxd2 Rxd2+ 47. Kf3 Rd3+ 48. Kg4 Rxa3 49. Re8 Ra6 50. h4 Kg6 51. Rc8 Ra3 52. h5+ Kf6 53. Rf8+ Ke7 54. Rg8 Kf7 55. Ra8 a5 56. Ra7+ Kf6 57. Ra6 Ra1 58. Ra7 a4 59. Kf3 a3 60. Ra5 a2 61. Ke2 Rh1 62. Ra8 a1Q 63. Rf8+ Ke7 0-1

[Event "HUN-chT2 Szechenyi 1516"]
[Site "Hungary"]
[Date "2015.10.04"]
[Round "2.9"]
[White "Barasits, Tibor"]
[Black "Erky, Tamas"]
[Result "1-0"]
[WhiteElo "1630"]
[BlackElo "1693"]
[PlyCount "67"]
[EventDate "2015.09.13"]
[EventType "team-tourn"]
[EventRounds "11"]
[EventCountry "HUN"]
[SourceTitle "CBM 170 Extra"]
[Source "ChessBase"]
[SourceDate "2016.02.25"]
[SourceVersion "1"]
[SourceVersionDate "2016.02.25"]
[SourceQuality "1"]
[WhiteTeam "Arboretum"]
[BlackTeam "Szechenyi ESE"]
[WhiteTeamCountry "HUN"]
[BlackTeamCountry "HUN"]

1. e4 e6 2. d4 d5 3. Nd2 c5 4. Ngf3 Nc6 5. Bb5 Qb6 6. Bxc6+ bxc6 7. e5 Ba6 8. Nb3 cxd4 9. Nbxd4 c5 10. Ne2 Ne7 11. 0-0 Nc6 12. b3 Be7 13. Re1 0-0 14. Bg5 Bxg5 15. Nxg5 Nxe5 16. Nf4 Ng6 17. Nxg6 hxg6 18. Qg4 Rfe8 19. Qh4 d4 20. Qh7+ Kf8 21. Qh8+ Ke7 22. Qxg7 Rf8 23. Rxe6+ Qxe6 24. Nxe6 Kxe6 25. Re1+ Kd7 26. Qf6 Rae8 27. Rxe8 Rxe8 28. Qxf7+ Re7 29. Qd5+ Ke8 30. h3 Bb7 31. Qxc5 d3 32. Qb5+ Kf7 33. Qxd3 Re1+ 34. Kh2 1-0

[Event "HUN-chT2 Breyer 1415"]
[Site "Hungary"]
[Date "2015.03.22"]
[Round "?"]
[White "Lakatos, Peter"]
[Black "Erky, Tamas"]
[Result "1/2-1/2"]
[WhiteElo "1836"]
[BlackElo "1531"]
[PlyCount "96"]
[EventDate "2014.09.07"]
[EventType "team-tourn"]
[EventRounds "11"]
[EventCountry "HUN"]
[SourceTitle "EXT 2016"]
[Source "ChessBase"]
[SourceDate "2015.10.08"]
[SourceVersion "1"]
[SourceVersionDate "2015.10.08"]
[SourceQuality "1"]
[WhiteTeam "Torokbalint"]
[BlackTeam "Szechenyi"]
[WhiteTeamCountry "HUN"]
[BlackTeamCountry "HUN"]

1. e4 e6 2. d4 d5 3. exd5 exd5 4. Bf4 Bd6 5. Bxd6 Qxd6 6. Nf3 Nf6 7. Be2 Qb4+ 8. Nbd2 Qxb2 9. 0-0 0-0 10. c4 Qb6 11. Qc2 c6 12. Bd3 Nbd7 13. Rab1 Qd8 14. c5 Re8 15. h3 Nf8 16. Ne5 Qc7 17. f4 N6d7 18. Rf3 Nxe5 19. fxe5 Be6 20. Nf1 Rab8 21. Ng3 g6 22. Rbf1 Qe7 23. Qd2 Kg7 24. Rf6 Nd7 25. Nh5+ Kg8 26. Qh6 Qf8 27. Qg5 Nxf6 28. Nxf6+ Kg7 29. Nxe8+ Rxe8 30. Be2 Qe7 31. Rf6 b6 32. cxb6 axb6 33. h4 c5 34. h5 h6 35. Qf4 g5 36. Qf3 cxd4 37. Bd3 Rf8 38. Bb1 Rh8 39. Qd3 Qc5 40. Rxe6 fxe6 41. Qg6+ Kf8 42. Qf6+ Kg8 43. Qxe6+ Kg7 44. Qf6+ Kg8 45. Qd8+ Kg7 46. Qf6+ Kg8 47. Kh2 Qf8 48. Qg6+ Qg7 1/2-1/2

[Event "HUN-chT2 Breyer 1415"]
[Site "Hungary"]
[Date "2014.12.14"]
[Round "?"]
[White "Erky, Tamas"]
[Black "Persanyi, Barnabas"]
[Result "0-1"]
[WhiteElo "1531"]
[BlackElo "1779"]
[PlyCount "84"]
[EventDate "2014.09.07"]
[EventType "team-tourn"]
[EventRounds "11"]
[EventCountry "HUN"]
[SourceTitle "EXT 2016"]
[Source "ChessBase"]
[SourceDate "2015.10.08"]
[SourceVersion "1"]
[SourceVersionDate "2015.10.08"]
[SourceQuality "1"]
[WhiteTeam "Szechenyi"]
[BlackTeam "Zsambek"]
[WhiteTeamCountry "HUN"]
[BlackTeamCountry "HUN"]

1. e4 c5 2. Nf3 g6 3. d4 cxd4 4. Nxd4 Nc6 5. Nc3 Bg7 6. Be3 Nf6 7. Be2 0-0 8. 0-0 d5 9. exd5 Nb4 10. Bf3 Nfxd5 11. Nxd5 Nxd5 12. Bxd5 Qxd5 13. c3 e5 14. Nb3 Qc6 15. f4 exf4 16. Bxf4 Be6 17. Be3 Rad8 18. Qf3 Bd5 19. Qf2 b6 20. Nd4 Qb7 21. b3 Rde8 22. c4 Bxg2 23. Qxg2 Qxg2+ 24. Kxg2 Rxe3 25. Rad1 Rd8 26. Nc6 Rxd1 27. Rxd1 Re2+ 28. Kg1 Rxa2 29. Rd8+ Bf8 30. Ne5 Kg7 31. Rd7 Bc5+ 32. Kh1 Re2 33. Nxf7 Re7 34. Rxe7 Bxe7 35. Ne5 Kf6 36. Nc6 a5 37. Kg2 Bd6 38. h3 Kf5 39. Kf3 Bc5 40. h4 h5 41. Nd8 Be7 42. Nc6 Bxh4 0-1

[Event "HUN-chT4b 1415"]
[Site "Hungary"]
[Date "2014.11.08"]
[Round "4.4"]
[White "Toreky, Zsombor"]
[Black "Erky, Tamas"]
[Result "1-0"]
[WhiteElo "1361"]
[BlackElo "1552"]
[PlyCount "83"]
[EventDate "2014.10.04"]
[EventType "team-tourn"]
[EventRounds "7"]
[EventCountry "HUN"]
[SourceTitle "EXT 2016"]
[Source "ChessBase"]
[SourceDate "2015.10.08"]
[SourceVersion "1"]
[SourceVersionDate "2015.10.08"]
[SourceQuality "1"]

1. e4 e6 2. Nf3 d5 3. e5 c5 4. c4 d4 5. d3 Nc6 6. Nbd2 Qc7 7. Qe2 Nge7 8. Nb3 Ng6 9. g3 Ngxe5 10. Bf4 Nxf3+ 11. Qxf3 e5 12. Bd2 Be7 13. Bg2 Be6 14. 0-0 Rc8 15. h4 b6 16. a4 a5 17. h5 h6 18. Qe2 Bd6 19. f4 exf4 20. gxf4 Qe7 21. Rae1 Kd8 22. Qf3 Qf6 23. f5 Bd7 24. Bf4 Kc7 25. Nd2 Bxf4 26. Qxf4+ Kb7 27. Ne4 Qd8 28. Nd6+ Ka6 29. Nxf7 Qf6 30. Nxh8 Rxh8 31. Bxc6 Bxc6 32. Re6 Qf7 33. Rxc6 Qxh5 34. f6 Qg6+ 35. Kh1 Qh5+ 36. Qh2 Qe8 37. Rd6 Qf7 38. b4 cxb4 39. c5 Rb8 40. Qe5 gxf6 41. Rfxf6 Qb7+ 42. Kh2 1-0